Elden Ring Bosses - Sudden Death - Statistics

General Stats
  • This quiz has been taken 965 times
  • The average score is 8 of 25
Answers on the Grid
Answers color-coded by a green-red scale on the quiz's grid according to % correct below.
Maliketh, the Black Blade
Starscourge Radahn
Ulcerated Tree Spirit
Bell Bearing Hunter
Red Wolf of the Champion
Godskin Apostle
Deathbird
Midra, Lord of Frenzied Flame
Tibia Mariner
Great Wyrm Theodorix
Malenia, Blade of Miquella
Ancestor Spirit
Mimic Tear
Lichdragon Fortissax
Astel, Naturalborn of the Void
Mohg, the Omen
Night's Cavalry
Fire Giant
Godskin Noble
Royal Knight Loretta
Adan, Thief of Fire
Leonine Misbegotten
Erdtree Burial Watchdog
Patches
Soldier of Godrick
Rick, Soldier of God
Darkdrift Knight
Tricephalos
Caligo, Miasma of Night
Dancer of the Boreal Valley
Centipede Demon
Demon Prince
Nameless King
Half-human Chief
Flying Dragon Argylle
Rodrick the Grafted
Metyr, Father of Fingers
Ludwig, the Holy Blade
Guardian Ape
Divine Dragon
Flamelurker
Old Hero
Ranni the Witch
Hidetaka Miyazaki
Ice Worm
Drake
Godskin Trio
Rennala, Twin Moon Knight
Margit, the Omen King
Last Giant
 
Answer Stats
Answer % Correct
Godskin Apostle
39%
Malenia, Blade of Miquella
38%
Maliketh, the Black Blade
37%
Fire Giant
35%
Godskin Noble
34%
Mohg, the Omen
34%
Royal Knight Loretta
33%
Soldier of Godrick
33%
Mimic Tear
32%
Night's Cavalry
32%
Starscourge Radahn
32%
Ulcerated Tree Spirit
31%
Ancestor Spirit
30%
Astel, Naturalborn of the Void
30%
Erdtree Burial Watchdog
30%
Lichdragon Fortissax
30%
Midra, Lord of Frenzied Flame
29%
Patches
29%
Bell Bearing Hunter
28%
Leonine Misbegotten
28%
Tibia Mariner
28%
Deathbird
26%
Adan, Thief of Fire
22%
Great Wyrm Theodorix
22%
Red Wolf of the Champion
19%
No matching quizzes found
Score Distribution
Percent of People with Each Score
Percentile by Number Answered
Your Score History
You have not taken this quiz